000 00372nam a2200145Ia 4500
008 191201s1994 xx 000 0 und d
082 _a677.02822
_bNAA
100 _aNAKAJIMA, Professor T
245 0 _aAdvanced Fiber Spinning Technology
250 _a1st
260 _aN.Delhi
_bWoodnead Publisher Ltd.
_c1994
300 _a258
650 _aB.Tech(TE)
942 _2ddc
_cBK
999 _c2549
_d2549